000 00596nam a2200229 4500
001 7587
010 _a978-972-8202-29-3
021 _b367125/13
090 _a7587
100 _a20140930 frey50
101 _apor
102 _aPT
200 _aO meu pé de laranja lima
_fJosé Mauro de Vasconcelos
_gJayme Cortez
205 _a7ª ed.
210 _aLisboa
_cDinapress
_d2013
215 _a193 p.
_d21 cm
300 _aEstrada da Leitura
304 _aOferta FCG
700 _bJosé Mauro de Vasconcelos
_f1920-1984
701 _bJayme Cortez
_f1926-1987
801 _aPT
_gRPC
990 _cLIVROS